Biomasa v Novákoch Slovenské elektrárne patria k popredným výrobcom zelenej energie

Podrobná bibliografia
Médium: Článok
Jazyk:Slovak
Témy:
On-line prístup:http://www.envira.sk/3_2011/24-25.pdf
Zdroj: 1. 21. storočie 1. Roč. 14, č. 3 (2011), s. 24-25 1. 1335-874X
LEADER 00935nab#a2200349#ar4500
001 000108070
003 SVKKK
005 20120509151841.0
008 100818c2011 xo |||||||||||||||b|slo
FMT
015 |a SNBRB2012/05 
038 |a SVKKK 
040 |a SVKKK  |b slo  |e AACR2 
041 0 |a slo 
044 |a xo  |c SK 
080 |a 504.06  |2 1997 
080 |a 613.166  |2 1997 
080 |a 613.167  |2 1997 
245 1 0 |a Biomasa v Novákoch  |b Slovenské elektrárne patria k popredným výrobcom zelenej energie  |c [autor] (do) 
300 |b Fotogr. 
610 2 4 |a Slovenské elektrárne, a.s. (Bratislava, Slovensko) 
650 0 4 |a biomasa  |x výroba elektriny a tepla 
651 4 |a Slovensko 
773 0 |t 21. storočie  |g Roč. 14, č. 3 (2011), s. 24-25  |x 1335-874X 
958 |a SK 
974 |a Fav 
992 |a RBX 
BAS
856 4 1 |u http://www.envira.sk/3_2011/24-25.pdf 
852 |a SVKKK  |b BIB 
EXP
998 |a GEO